Arizona Airports - Statistics

General Stats
  • This quiz has been taken 11 times
    8 since last reset
  • The average score is 9 of 32
Answer Stats
Airport % Correct
Tucson
100%
Mesa Gateway
86%
Phoenix Sky Harbor
86%
Yuma
86%
Sedona
71%
Flagstaff Pulliam
57%
Lake Havasu City
57%
Scottsdale
57%
Chandler
43%
Glendale
43%
Kingman
43%
Laughlin/Bullhead
43%
Prescott
43%
Page
29%
Sierra Vista
29%
Casa Grande
14%
Marana
14%
Phoenix Deer Valley
14%
Cliff Dwellers
0%
Colorado City
0%
Davis-Monthan
0%
Grand Canyon Bar 10
0%
Grand Canyon Caverns
0%
Grand Canyon National Park
0%
Grand Canyon West
0%
Greenlee County
0%
H.A. Clark Memorial
0%
Marble Canyon
0%
Pearce Ferry
0%
Phoenix Goodyear
0%
Pinal
0%
Show Low
0%
No matching quizzes found
Score Distribution
Percent of People with Each Score
Percentile by Number Answered
Your Score History
You have not taken this quiz since the last reset